000 00366nam a2200133Ia 4500
008 240624s9999 xx 000 0 und d
041 _aeng
082 _a658.4022 RON
100 _aROND MARK DE
245 _aTHERE IS AN I IN TEAM WHAT ELITE ATHLETE
260 _c2012
_aNew Delhi
_bHarvard Business Press
300 _axxii, : 184 : p. : cm. ; 23
365 _cRS
_b38
999 _c28402
_d28402